[Event "Tromsoe ol (Men) 41st"]
[Site "Tromsoe"]
[Date "2014.08.03"]
[Round "2.1"]
[White "Rahman, Ziaur"]
[Black "Vasquez Schroder, Rodrigo Rafael"]
[Result "1-0"]
[WhiteElo "2523"]
[BlackElo "2533"]
[PlyCount "183"]
[EventDate "2014.08.02"]
[EventType "team-swiss"]
[EventRounds "11"]
[EventCountry "NOR"]
[SourceTitle "CBM 162"]
[Source "ChessBase"]
[SourceDate "2014.09.17"]
[SourceVersion "1"]
[SourceVersionDate "2014.09.17"]
[SourceQuality "1"]
[WhiteTeam "Bangladesh"]
[BlackTeam "Chile"]
[WhiteTeamCountry "BAN"]
[BlackTeamCountry "CHI"]

1. d4 Nf6 2. Bg5 d5 3. e3 c5 4. Bxf6 gxf6 5. Nc3 cxd4 6. exd4 h5 7. Qf3 Be6 8.
Bb5+ Nc6 9. Nge2 Bh6 10. O-O Qd6 11. Bxc6+ Qxc6 12. h3 O-O-O 13. a4 Kb8 14. Nf4
Bxf4 15. Qxf4+ Qd6 16. Qe3 Rc8 17. Rae1 a6 18. f4 f5 19. Re2 Ka8 20. Nd1 Rh6
21. b3 Rg6 22. Nf2 Rcg8 23. Nd3 Bc8 24. Rff2 e6 25. Rf3 a5 26. Ne5 R6g7 27. c4
f6 28. c5 Qc7 29. Nd3 Rg6 30. Qd2 Kb8 31. b4 axb4 32. Nxb4 Rg3 33. Ref2 Rxf3
34. Rxf3 Ka8 35. a5 Qd7 36. c6 Qd6 37. cxb7+ Bxb7 38. Rb3 Rb8 39. Nd3 Bc8 40.
Rxb8+ Kxb8 41. Qb2+ Kc7 42. Qc3+ Qc6 43. Nc5 Kb8 44. Qb4+ Ka7 45. Qe1 Qc7 46.
Qh4 Qxa5 47. Qxf6 Qe1+ 48. Kh2 h4 49. Qe5 Qg3+ 50. Kh1 Kb6 51. Qb8+ Ka5 52.
Qa8+ Kb6 53. Qb8+ Ka5 54. Qa7+ Kb5 55. Qa4+ Kb6 56. Qb4+ Kc6 57. Qd2 Qa3 58.
Qe1 Kb5 59. Qf1+ Kb4 60. Nd3+ Kc3 61. Ne5 Kxd4 62. Nf3+ Ke4 63. Qe2+ Qe3 64.
Qc2+ Kxf4 65. Qxc8 Kg3 66. Qb8+ f4 67. Qg8+ Kf2 68. Qh8 e5 69. Qxh4+ Kf1 70.
Nh2+ Ke2 71. Qh5+ Kd3 72. Qd1+ Ke4 73. Ng4 Qc3 74. Nf2+ Kf5 75. Qg4+ Kf6 76.
Qh4+ Ke6 77. Ng4 Kf5 78. Qh7+ Kg5 79. Qh6+ Kf5 80. Qh5+ Ke4 81. Nf2+ Kd4 82.
Qd1+ Kc5 83. Qf3 Qe3 84. Ng4 Qe1+ 85. Kh2 Kc6 86. Nf6 Qd2 87. Qg4 Kc5 88. Qd7
Qa2 89. Qe7+ Kd4 90. Ng4 Qe2 91. Qb4+ Qc4 92. Qb2+ 1-0

[Event "Asian Continental op 13th"]
[Site "Sharjah"]
[Date "2014.04.18"]
[Round "2"]
[White "Rahman, Ziaur"]
[Black "Gupta, Abhijeet"]
[Result "1-0"]
[WhiteElo "2513"]
[BlackElo "2630"]
[PlyCount "91"]
[EventDate "2014.04.17"]
[EventType "swiss"]
[EventRounds "9"]
[EventCountry "UAE"]
[SourceTitle "CBM 160"]
[Source "ChessBase"]
[SourceDate "2014.05.15"]
[SourceVersion "1"]
[SourceVersionDate "2014.05.15"]
[SourceQuality "1"]

1. d4 Nf6 2. Bg5 Ne4 3. Bf4 d5 4. e3 c5 5. Bd3 cxd4 6. Bxe4 dxe4 7. Qxd4 Qa5+
8. Nc3 Nc6 9. Qd5 Qxd5 10. Nxd5 e5 11. Bg3 Bd6 12. O-O-O Bf5 13. Ne2 O-O-O 14.
h3 h5 15. Nec3 h4 16. Bh2 Rd7 17. Nb5 Bb8 18. c4 Rhd8 19. Nbc3 Bd6 20. Kc2 f6
21. a3 Bf8 22. b4 Bg6 23. Kb2 Kb8 24. g4 Ne7 25. Rhg1 Nxd5 26. cxd5 Re8 27. Rc1
Bf7 28. g5 f5 29. g6 Bxd5 30. Rg5 Be6 31. Bxe5+ Bd6 32. Bd4 Bf4 33. Rh5 Rxd4
34. exd4 Bxc1+ 35. Kxc1 Rd8 36. Rxh4 Rxd4 37. Rh8+ Bc8 38. h4 Rd3 39. Ne2 e3
40. fxe3 Rxe3 41. Kd2 Re4 42. h5 Rg4 43. Ke3 Re4+ 44. Kf3 Kc7 45. h6 gxh6 46.
Nf4 1-0

[Event "Abu Dhabi op 23rd"]
[Site "Abu Dhabi"]
[Date "2015.08.31"]
[Round "9"]
[White "Rapport, Richard"]
[Black "Swiercz, Dariusz"]
[Result "1-0"]
[WhiteElo "2671"]
[BlackElo "2617"]
[PlyCount "143"]
[EventDate "2015.08.23"]
[EventType "swiss"]
[EventRounds "9"]
[EventCountry "UAE"]
[SourceTitle "EXT 2016"]
[Source "ChessBase"]
[SourceDate "2015.10.08"]
[SourceVersion "1"]
[SourceVersionDate "2015.10.08"]
[SourceQuality "1"]

1. d4 Nf6 2. Bg5 d5 3. e3 e6 4. c4 h6 5. Bxf6 Qxf6 6. Nc3 c6 7. Bd3 g6 8. f4
Bg7 9. Nf3 O-O 10. O-O Qe7 11. Qe2 dxc4 12. Bxc4 c5 13. d5 Bxc3 14. bxc3 exd5
15. Bxd5 Be6 16. c4 Re8 17. Rae1 Nc6 18. Qd2 Rad8 19. e4 Qf6 20. h3 Nd4 21. Ne5
b6 22. Qf2 h5 23. Re3 Kh7 24. Kh1 Rg8 25. Ra3 a5 26. h4 Qe7 27. Re3 Qf6 28. a4
Rge8 29. Ree1 Qg7 30. Kh2 f6 31. Nf3 Nxf3+ 32. gxf3 f5 33. Rg1 Qf6 34. Qg3 Re7
35. Rd1 Rf8 36. e5 Qf7 37. Rg2 Rfe8 38. Qg5 Rd7 39. Rgd2 Red8 40. Kh3 Qg7 41.
Rd3 Qf8 42. Rg1 Rg7 43. Rb1 Bxd5 44. Rxd5 Rb8 45. Qg2 Qe8 46. Qc2 Rd7 47. Rbd1
Rbb7 48. Qb3 Re7 49. Rd8 Qf7 50. Qb5 Kg7 51. R1d5 Kh7 52. R5d6 Re6 53. R8d7
Rxd7 54. Rxd7 Re7 55. Qc6 Rxd7 56. e6 Qf6 57. Qxd7+ Kh6 58. e7 Qa1 59. Kg2 Qa2+
60. Kg3 Qa1 61. Kf2 Qb2+ 62. Ke1 Qb4+ 63. Kf2 Qb2+ 64. Ke1 Qb4+ 65. Kd1 Qb3+
66. Kd2 Qb2+ 67. Ke3 Qa3+ 68. Ke2 Qa2+ 69. Ke1 Qa1+ 70. Qd1 Qh8 71. Kf2 Kh7 72.
Qd7 1-0

[Event "SRB-chT"]
[Site "Palic"]
[Date "2014.09.07"]
[Round "9.1"]
[White "Rapport, Richard"]
[Black "Spasov, Vasil"]
[Result "1-0"]
[WhiteElo "2704"]
[BlackElo "2546"]
[PlyCount "51"]
[EventDate "2014.08.30"]
[EventType "team-tourn"]
[EventRounds "11"]
[EventCountry "SRB"]
[SourceTitle "CBM 162 Extra"]
[Source "ChessBase"]
[SourceDate "2014.10.17"]
[SourceVersion "1"]
[SourceVersionDate "2014.10.17"]
[SourceQuality "1"]
[WhiteTeam "Kragujevac"]
[BlackTeam "Smederevska Palanka"]
[WhiteTeamCountry "SRB"]
[BlackTeamCountry "SRB"]

1. d4 Nf6 2. Bg5 e6 3. Nc3 d5 4. e4 dxe4 5. Nxe4 Nbd7 6. Nf3 Be7 7. Nxf6+ Bxf6
8. h4 c5 9. Qd2 cxd4 10. O-O-O e5 11. Bd3 O-O 12. Rhe1 Re8 13. Bxf6 Qxf6 14.
Qg5 Kf8 15. Qg3 h6 16. Bb5 e4 17. Nxd4 a6 18. Ba4 b5 19. Bb3 Nb6 20. Nxb5 axb5
21. Rd6 Qe7 22. Rxb6 Rd8 23. Qf4 Ra7 24. Qxe4 Qd7 25. Qb4+ Kg8 26. Rxb5 1-0

[Event "NED-chT 0405"]
[Site "Netherlands"]
[Date "2005.03.19"]
[Round "8.6"]
[White "Rogers, Ian"]
[Black "Chuchelov, Vladimir"]
[Result "1-0"]
[WhiteElo "2594"]
[BlackElo "2571"]
[PlyCount "71"]
[EventDate "2004.09.18"]
[EventType "team-tourn"]
[EventRounds "9"]
[EventCountry "NED"]
[SourceTitle "EXT 2014"]
[Source "ChessBase"]
[SourceDate "2013.11.20"]
[SourceVersion "1"]
[SourceVersionDate "2013.11.20"]
[SourceQuality "1"]
[WhiteTeam "Hilversum"]
[BlackTeam "Breda"]
[WhiteTeamCountry "NED"]
[BlackTeamCountry "NED"]

1. d4 Nf6 2. Bg5 e6 3. c3 c5 4. e3 Be7 5. Nf3 cxd4 6. exd4 d6 7. Bxf6 Bxf6 8.
Nbd2 O-O 9. Bd3 Nc6 10. Qc2 g6 11. h4 h6 12. O-O-O Bg7 13. Kb1 d5 14. Rde1 Qd6
15. Re3 Bd7 16. Nb3 a5 17. Nc5 Bc8 18. Bb5 Ne7 19. g4 b6 20. Nd3 Bd7 21. Qa4
Bxb5 22. Qxb5 Qc6 23. Qxc6 Nxc6 24. a4 Rab8 25. Ka2 Rfc8 26. Nd2 Rc7 27. f4 Ne7
28. h5 gxh5 29. Rxh5 Nc6 30. f5 Re7 31. Rf3 exf5 32. gxf5 Re2 33. Nf1 Rbe8 34.
f6 Bf8 35. Rxd5 Rg2 36. Ne3 {Time} 1-0

[Event "Linz"]
[Site "Linz"]
[Date "1997.05.22"]
[Round "6"]
[White "Rogers, Ian"]
[Black "Glek, Igor Vladimirovich"]
[Result "1-0"]
[WhiteElo "2600"]
[BlackElo "2620"]
[PlyCount "91"]
[EventDate "1997.05.17"]
[EventType "tourn"]
[EventRounds "9"]
[EventCountry "AUT"]
[EventCategory "12"]
[SourceTitle "CBM 059"]
[Source "ChessBase"]
[SourceDate "1997.08.01"]
[SourceVersion "1"]
[SourceVersionDate "1997.08.01"]
[SourceQuality "1"]

1. d4 Nf6 2. Bg5 e6 3. Nf3 h6 4. Bxf6 Qxf6 5. e4 d6 6. Nc3 Nd7 7. Qd2 c6 8.
O-O-O e5 9. dxe5 dxe5 10. Nb5 Rb8 11. Nxa7 Qf4 12. g3 Qxd2+ 13. Rxd2 Nc5 14.
Nxc8 Rxc8 15. Nxe5 Be7 16. Bc4 O-O 17. Re1 b5 18. Bb3 Nxb3+ 19. axb3 Rfe8 20.
f4 Bd8 21. Rd7 f6 22. Nf3 c5 23. c3 b4 24. c4 g5 25. f5 Bc7 26. Kc2 h5 27. Rd5
h4 28. g4 Bf4 29. Kd3 Be5 30. Nxe5 Rxe5 31. Rd6 Kf7 32. Ra1 Rce8 33. Raa6 Rxe4
34. Rxf6+ Kg7 35. Rg6+ Kh8 36. Rh6+ Kg7 37. Rag6+ Kf8 38. Rh8+ Kf7 39. Rxe8
Rd4+ 40. Ke3 Kxe8 41. Rxg5 h3 42. Rg7 Kf8 43. f6 Rd1 44. g5 Rf1 45. Ke4 Rf2 46.
Rh7 1-0

[Event "US Masters op"]
[Site "Hawaii"]
[Date "1998.07.29"]
[Round "9"]
[White "Rogers, Ian"]
[Black "Antonio, Rogelio Jr"]
[Result "1-0"]
[WhiteElo "2605"]
[BlackElo "2540"]
[PlyCount "133"]
[EventDate "1998.07.??"]
[EventType "swiss"]
[EventRounds "9"]
[EventCountry "USA"]
[SourceTitle "EXT 1999"]
[Source "ChessBase"]
[SourceDate "1998.11.16"]
[SourceVersion "1"]
[SourceVersionDate "1998.11.16"]
[SourceQuality "1"]

1. d4 Nf6 2. Bg5 e6 3. e4 h6 4. Bxf6 Qxf6 5. Nf3 d6 6. Nc3 Nc6 7. Bb5 Bd7 8. d5
Nb8 9. O-O e5 10. a4 Be7 11. Bxd7+ Nxd7 12. a5 a6 13. Na4 O-O 14. c4 Qg6 15.
Qe2 f5 16. Nd2 Nf6 17. exf5 Qxf5 18. Nc3 Nh5 19. Nde4 Nf4 20. Qc2 h5 21. f3 h4
22. Kh1 Rf7 23. Nd1 h3 24. g3 Ng2 25. Qe2 Raf8 26. Ra3 Qh5 27. Rf2 Qf5 28. Rb3
Qh5 29. Kg1 c6 30. Rxb7 cxd5 31. cxd5 Nh4 32. gxh4 Bxh4 33. Rxf7 Bxf2+ 34.
Ndxf2 Qxf7 35. Nxh3 Qxd5 36. Nhg5 Qd4+ 37. Kg2 Rb8 38. Qxa6 Qxb2+ 39. Kh3 Qd4
40. Qxd6 Qxd6 41. Nxd6 Ra8 42. Nc4 Rc8 43. Nxe5 Rc5 44. f4 Rxa5 45. Kg4 Ra2 46.
h3 Ra6 47. f5 Ra4+ 48. Kh5 Ra6 49. Ng6 Ra5 50. Nh4 Ra6 51. Ng6 Ra5 52. Kg4 Ra1
53. Nf4 Ra4 54. h4 Rb4 55. Nge6 Kf7 56. Kg5 Rb1 57. Nh5 Rg1+ 58. Kf4 Rf1+ 59.
Kg4 Rg1+ 60. Kh3 Rh1+ 61. Kg3 Rg1+ 62. Kh2 Rf1 63. Nexg7 Rf3 64. Kg2 Ra3 65.
Ne6 Ke7 66. Ng5 Kd6 67. f6 1-0

[Event "St.Petersburg Rapid 2018"]
[Site "St Petersburg RUS"]
[Date "2018.08.25"]
[Round "4.8"]
[White "Romanov, E."]
[Black "Rozum, I."]
[Result "1-0"]
[WhiteElo "2628"]
[BlackElo "2581"]
[PlyCount "51"]
[EventDate "2018.08.25"]
[EventType "swiss (rapid)"]
[EventRounds "11"]
[EventCountry "RUS"]
[SourceTitle "The Week in Chess 1242"]
[Source "Mark Crowther"]
[SourceDate "2018.08.27"]
[SourceVersion "1"]
[SourceVersionDate "2018.08.27"]
[SourceQuality "2"]

1. d4 Nf6 2. Bg5 e6 3. e4 h6 4. Bxf6 Qxf6 5. c3 d6 6. Bd3 e5 7. Ne2 Qd8 8. O-O
Be7 9. f4 O-O 10. Nd2 Nd7 11. Nf3 exd4 12. cxd4 c5 13. d5 Qb6 14. Bc2 Qxb2 15.
Ng3 Nf6 16. Rb1 Qxa2 17. e5 dxe5 18. d6 Bd8 19. fxe5 Ng4 20. Qd3 g6 21. Bb3 c4
22. Bxc4 Qa5 23. Qxg6+ Kh8 24. Bxf7 Bb6+ 25. Kh1 Qc5 26. Nh5 1-0

[Event "St Petersburg rapid"]
[Site "St Petersburg"]
[Date "2016.08.28"]
[Round "8"]
[White "Romanov, Evgeny"]
[Black "Matlakov, Maxim"]
[Result "1-0"]
[WhiteElo "2619"]
[BlackElo "2686"]
[PlyCount "79"]
[EventDate "2016.08.27"]
[EventType "swiss (rapid)"]
[EventRounds "11"]
[EventCountry "RUS"]
[SourceTitle "CBM 174 Extra"]
[Source "ChessBase"]
[SourceDate "2016.10.10"]
[SourceVersion "1"]
[SourceVersionDate "2016.10.10"]
[SourceQuality "1"]

1. d4 Nf6 2. Bg5 d5 3. Nd2 c5 4. e3 Nc6 5. c3 e6 6. f4 Be7 7. Bd3 b6 8. Ngf3
Bb7 9. Ne5 Nxe5 10. fxe5 Nd7 11. Bxe7 Qxe7 12. O-O O-O-O 13. a4 f6 14. exf6
gxf6 15. a5 c4 16. axb6 cxd3 17. bxa7 Kc7 18. c4 Qb4 19. Qc1 dxc4 20. Nxc4 Rhg8
21. g3 Rc8 22. b3 Kd8 23. Qd1 d2 24. Nxd2 Ke7 25. Nc4 Ba8 26. Rf4 Rg5 27. e4 h5
28. Ra4 Qb7 29. Rh4 Rcg8 30. d5 exd5 31. Ne3 Qc7 32. exd5 Kd8 33. Rac4 Rxg3+
34. hxg3 Qxg3+ 35. Kh1 Qxe3 36. Rcd4 Ne5 37. Rb4 Nd7 38. Rb8+ Kc7 39. Rxg8
Bxd5+ 40. Qxd5 1-0

[Event "Tbilisi Gaprindashvili Cup"]
[Site "Tbilisi"]
[Date "2016.04.25"]
[Round "4"]
[White "Romanov, Evgeny"]
[Black "Di Berardino, Diego Rafael"]
[Result "1-0"]
[WhiteElo "2635"]
[BlackElo "2512"]
[PlyCount "69"]
[EventDate "2016.04.22"]
[EventType "swiss"]
[EventRounds "9"]
[EventCountry "GEO"]
[SourceTitle "CBM 172 Extra"]
[Source "ChessBase"]
[SourceDate "2016.06.21"]
[SourceVersion "1"]
[SourceVersionDate "2016.06.21"]
[SourceQuality "1"]

1. d4 Nf6 2. Bg5 e6 3. Nd2 h6 4. Bh4 d5 5. e3 Be7 6. Bd3 Nbd7 7. f4 b6 8. Ngf3
Bb7 9. Ne5 Nxe5 10. fxe5 Nd7 11. Bxe7 Qxe7 12. O-O O-O-O 13. a4 c5 14. a5 c4
15. axb6 axb6 16. Bxc4 Nxe5 17. Ba6 Nc6 18. Qe2 Kc7 19. Bxb7 Kxb7 20. e4 Kc7
21. exd5 Rxd5 22. c3 f6 23. Nc4 Re8 24. b4 Rb8 25. Ne3 Rd7 26. Ra6 b5 27. d5
exd5 28. Nxd5+ Rxd5 29. Rxc6+ Kd8 30. Re6 Qd7 31. Re1 Rd2 32. Qe3 Rd3 33. Re8+
Kc7 34. Qa7+ Rb7 35. Qc5+ 1-0

[Event "Las Vegas Millionaire op playoff U2550"]
[Site "Las Vegas"]
[Date "2015.10.11"]
[Round "1.1"]
[White "Rombaldoni, Axel"]
[Black "Huschenbeth, Niclas"]
[Result "1-0"]
[WhiteElo "2528"]
[BlackElo "2541"]
[PlyCount "65"]
[EventDate "2015.10.11"]
[EventType "tourn (rapid)"]
[EventRounds "5"]
[EventCountry "USA"]
[EventCategory "12"]
[SourceTitle "CBM 168 Extra"]
[Source "ChessBase"]
[SourceDate "2015.10.29"]
[SourceVersion "1"]
[SourceVersionDate "2015.10.29"]
[SourceQuality "1"]

1. d4 Nf6 2. Bg5 c5 3. d5 Ne4 4. h4 Qb6 5. Nd2 Nxd2 6. Bxd2 Qxb2 7. Nf3 d6 8.
Rb1 Qa3 9. e4 a6 10. c4 g6 11. Rb3 Qa4 12. Bc3 Rg8 13. h5 b5 14. hxg6 hxg6 15.
Qb1 b4 16. Ba1 Nd7 17. Ng5 Nf6 18. f4 Nh5 19. g3 Bg7 20. Bxg7 Nxg7 21. Rh7 f6
22. Nf3 Bg4 23. Nh4 O-O-O 24. a3 a5 25. axb4 axb4 26. Nxg6 Qe8 27. f5 Kb7 28.
Rxb4+ cxb4 29. Qxb4+ Kc7 30. Qa5+ Kc8 31. Qa6+ Kc7 32. Qa7+ Kc8 33. c5 1-0

[Event "ITA-chT"]
[Site "Arvier"]
[Date "2008.05.03"]
[Round "5.1"]
[White "Romero Holmes, Alfonso"]
[Black "Polgar, Judit"]
[Result "1-0"]
[WhiteElo "2529"]
[BlackElo "2709"]
[PlyCount "77"]
[EventDate "2008.05.01"]
[EventType "team"]
[EventRounds "7"]
[EventCountry "ITA"]
[SourceTitle "CBM 124 Extra"]
[Source "ChessBase"]
[SourceDate "2008.07.03"]
[SourceVersion "1"]
[SourceVersionDate "2008.07.03"]
[SourceQuality "1"]

1. d4 Nf6 2. Bg5 Ne4 3. Bf4 c5 4. f3 Qa5+ 5. c3 Nf6 6. Nd2 cxd4 7. Nb3 Qd5 8.
cxd4 Qe6 9. e4 d5 10. e5 Nfd7 11. Rc1 Nc6 12. Be3 a6 13. Bd3 f5 14. Nh3 g6 15.
Nf4 Qg8 16. Nxd5 Qxd5 17. Bc4 Nb6 18. Bxd5 Nxd5 19. Rxc6 bxc6 20. Qc1 c5 21.
Nxc5 e6 22. Bh6 Bxc5 23. Qxc5 Bd7 24. O-O Rc8 25. Qa7 g5 26. Bxg5 Rg8 27. h4 f4
28. Qxa6 Rg6 29. Qd3 Kf7 30. Qd2 Rcg8 31. Rf2 Ne3 32. Bxf4 Rxg2+ 33. Rxg2 Rxg2+
34. Qxg2 Nxg2 35. Kxg2 Bc6 36. b3 Bb5 37. Kf2 Bd3 38. Ke3 Bb1 39. Kd2 1-0

[Event "Kesarovski Georgiev Memorial 7th"]
[Site "Sunny Beach"]
[Date "2008.09.13"]
[Round "8"]
[White "Rusev, Krasimir"]
[Black "Stanojoski, Zvonko"]
[Result "1-0"]
[WhiteElo "2508"]
[BlackElo "2514"]
[PlyCount "44"]
[EventDate "2008.09.08"]
[EventType "swiss"]
[EventRounds "9"]
[EventCountry "BUL"]
[SourceTitle "CBM 126 Extra"]
[Source "ChessBase"]
[SourceDate "2008.11.05"]
[SourceVersion "1"]
[SourceVersionDate "2008.11.05"]
[SourceQuality "1"]

1. d4 Nf6 2. Bg5 c5 3. Bxf6 gxf6 4. d5 Qb6 5. Qc1 f5 6. c4 Bg7 7. Nc3 d6 8. e3
Nd7 9. Qc2 Nf6 10. Bd3 e6 11. Nge2 Bd7 12. O-O O-O-O 13. Rab1 Kb8 14. b4 cxb4
15. a3 a5 16. axb4 axb4 17. Na2 Qa5 18. Nxb4 Kc8 19. c5 dxc5 20. Nc6 Bxc6 21.
dxc6 bxc6 22. Nd4 Kd7 1-0

[Event "Internet Section 14-A"]
[Site "Dos Hermanas"]
[Date "2003.03.14"]
[Round "4"]
[White "Rustemov, Alexander"]
[Black "Novik, Maxim"]
[Result "1-0"]
[WhiteElo "2604"]
[BlackElo "2527"]
[PlyCount "83"]
[EventDate "2003.03.14"]
[EventType "swiss (blitz)"]
[EventRounds "9"]
[EventCountry "ESP"]
[SourceTitle "EXT 2004"]
[Source "ChessBase"]
[SourceDate "2003.11.25"]
[SourceVersion "1"]
[SourceVersionDate "2003.11.25"]
[SourceQuality "1"]

1. d4 Nf6 2. Bg5 Ne4 3. Bh4 c6 4. f3 Qa5+ 5. Nd2 Qh5 6. Nxe4 Qxh4+ 7. g3 Qh6 8.
f4 d5 9. Nf2 Qd6 10. c3 h5 11. e4 dxe4 12. Nxe4 Qc7 13. Nf3 Bg4 14. h3 Bxf3 15.
Qxf3 e6 16. O-O-O Nd7 17. f5 exf5 18. Qxf5 g6 19. Qf3 Bh6+ 20. Kb1 f5 21. Nf2
O-O-O 22. Bc4 Nf6 23. Nd3 Ne4 24. Ne5 Nd2+ 25. Rxd2 Bxd2 26. Nxg6 Rhe8 27. Qxh5
Qxg3 28. Qxf5+ Kb8 29. Ne5 Bf4 30. Nf7 Re1+ 31. Rxe1 Qxe1+ 32. Kc2 Qd2+ 33. Kb3
Rf8 34. d5 Qd1+ 35. Ka3 Bd6+ 36. b4 Qc1+ 37. Kb3 Bf4 38. Bd3 Qd1+ 39. Kc4 b5+
40. Kc5 Qg1+ 41. Kxc6 Qb6+ 42. Kd7 1-0

[Event "Hoogovens"]
[Site "Wijk aan Zee"]
[Date "1993.01.??"]
[Round "2"]
[White "Salov, Valery"]
[Black "Akopian, Vladimir"]
[Result "1-0"]
[WhiteElo "2660"]
[BlackElo "2615"]
[Annotator "Schussler,H"]
[PlyCount "85"]
[EventDate "1993.01.??"]
[EventType "k.o."]
[EventRounds "5"]
[EventCountry "NED"]
[SourceTitle "CBM 034"]
[Source "ChessBase"]
[SourceDate "1993.06.01"]
[SourceVersion "1"]
[SourceVersionDate "1993.06.01"]
[SourceQuality "1"]

1. d4 Nf6 2. Bg5 Ne4 3. Bf4 c5 4. f3 Qa5+ 5. c3 Nf6 6. Nd2 (6. d5 $1 Qb6 7. b3
e6 8. e4 exd5 9. exd5 {Sokolov,I-Smirin,I, Wijk op 1993 CBM game 946}) 6...
cxd4 7. Nb3 Qb6 8. Qxd4 {New} Qxd4 (8... Nc6 $5 9. Qxb6 axb6 10. e4 {10.Be3!?}
d5 $10 {(Browne,W)}) 9. cxd4 d5 10. e3 e6 11. g4 Nc6 {11. - Bb4!? followed by
12. - Ke7 +/=/=.} 12. Bb5 Bd7 13. a3 $1 Kd8 14. Rc1 Ne8 15. Nc5 Bxc5 16. Rxc5
Ke7 17. Ne2 $16 Nd6 18. Bd3 Rac8 19. b4 (19. e4 $2 dxe4 20. fxe4 Nxd4 $1 21.
Rxc8 Rxc8 22. Nxd4 e5 $1 {(Salov,V)}) 19... b6 20. Rc3 a5 21. b5 Na7 22. a4
Rxc3 23. Nxc3 Rc8 24. Kd2 Nc4+ 25. Kc2 f6 26. e4 dxe4 27. fxe4 Nd6 {27. - e5
28.Kb3} 28. Kb3 Nf7 29. e5 $1 $18 Rh8 30. Ne4 h5 31. g5 fxg5 32. Nxg5 Nh6 33.
Bc1 $1 Nc8 34. Rf1 h4 35. h3 Rg8 36. Bh7 Rh8 37. Bg6 Be8 38. Ba3+ Kd7 39. Be4
Ne7 40. Bxe7 Kxe7 41. Rc1 Bd7 42. Rc7 Kd8 43. Rb7 1-0

[Event "Hoogovens"]
[Site "Wijk aan Zee"]
[Date "1997.01.22"]
[Round "4"]
[White "Salov, Valery"]
[Black "Glek, Igor Vladimirovich"]
[Result "1-0"]
[WhiteElo "2665"]
[BlackElo "2620"]
[Annotator "Salov,V"]
[PlyCount "89"]
[EventDate "1997.01.18"]
[EventType "tourn"]
[EventRounds "13"]
[EventCountry "NED"]
[EventCategory "16"]
[SourceTitle "CBM 057"]
[Source "ChessBase"]
[SourceDate "1997.04.01"]
[SourceVersion "1"]
[SourceVersionDate "1997.04.01"]
[SourceQuality "1"]

1. d4 Nf6 2. Bg5 e6 3. Nf3 h6 4. Bh4 d6 5. h3 $146 (5. c3 Nbd7 6. Nbd2 g5 7.
Bg3 Nh5 8. e4 Bg7 9. Bd3 O-O 10. Qb3 Kh8 $132 {Miles-Marin,Andorra 1995}) 5...
Be7 6. e3 (6. Nc3 d5 $1 7. Bxf6 Bxf6 8. e4 $11) 6... Ne4 $1 7. Bxe7 Qxe7 8.
Nbd2 Nxd2 9. Qxd2 O-O 10. O-O-O e5 $6 (10... Nd7 $142 $11) 11. dxe5 dxe5 12.
Qc3 $1 $14 Nc6 13. Bb5 Re8 $1 (13... Bd7 $2 14. Bxc6 Bxc6 15. Nxe5 Bxg2 16.
Rhg1 $18) 14. Rd2 $2 (14. Bxc6 $142 bxc6 15. Nd2 $14) 14... Nb4 $1 15. Kb1 c6
16. a3 cxb5 $6 (16... a5 $1 17. axb4 cxb5 18. Qc5 Qxc5 19. bxc5 Bf5 $1 20. Rd6
Rac8 21. Nd2 Rxc5 22. e4 Be6 23. Nb3 $15) 17. Qxb4 Qxb4 18. axb4 f6 $1 $11 19.
Rhd1 Be6 20. b3 Kf7 21. e4 Rac8 $6 (21... Ke7 22. Nh4 Red8 $11) 22. Kb2 Rc7 23.
Ne1 $1 Ke7 24. Nd3 g5 25. h4 $1 $14 gxh4 26. Rh1 h3 27. f4 $1 Rg8 $5 (27... f5
28. exf5 Bxf5 29. Nxe5 $16) (27... hxg2 28. Rxg2 exf4 29. Nxf4 $16) 28. gxh3
Rd7 $5 29. fxe5 fxe5 30. Re2 Rd4 31. Nxe5 Rxb4 32. Ra1 $1 Rg3 $8 (32... a6 $2
33. Kc3 $18) 33. Rxa7 Kd6 $1 34. Nd3 Rxb3+ $8 35. cxb3 Rxd3 36. b4 Rb3+ 37. Kc2
Rxh3 $2 $138 (37... Rxb4 $142 38. Rxb7 Ke5 $14) 38. Rxb7 Bb3+ 39. Kd2 Bc4 40.
Re3 Rh2+ 41. Kc3 $18 Rh1 42. e5+ Kc6 43. Ra7 Rb1 44. Ra6+ Kb7 45. Rxh6 1-0